000 01068nam a22002657a 4500
001 4604
003 FISKH
005 20240918090713.0
008 240918b cb ||||| |||| 00| 0 eng d
020 _a078073005994
040 _aFISKH
_beng
_cFISKH
_dFISKH
050 _aPZ7.A6776
082 _2823.914
100 _aArdagh, Philip
_d1961-
245 _aA house called awful end /
_cPhilip Ardagh Illustrated by David Roberts
250 _aFirst paperback printing in 2003
260 _aNew York :
_bScholastic,
_c2003.
300 _a133 pages :
_billustrations ;
_c20cm
520 _aWhen eleven-year-old Eddie Dickens's ill parents become "a bit crinkly round the edges," he is taken by his great-uncle and great-aunt, Mad Uncle Jack and Mad Aunt Maude, and embarks on adventures that involve strolling actors, St. Horrid's Home for Grateful Orphans, and a carnival float shaped like a giant cow.
650 _2Adventure
_aHumor
_vHumorous fiction
650 _2Fantasy
_aSeries
700 _aRoberts, David
_dIllustrator
942 _2ddc
_cBK
_n0
999 _c4604
_d4604